| 000 | 01090cam a2200325 i 4500 | ||
|---|---|---|---|
| 001 | 17784283 | ||
| 003 | OSt | ||
| 005 | 20220227195316.0 | ||
| 008 | 130619s2013 miua b 001 0 eng | ||
| 010 | _a 2013019127 | ||
| 020 | _a9780801039904 (pbk.) | ||
| 040 |
_aDLC _beng _cDLC _dDLC _erda |
||
| 042 | _apcc | ||
| 050 | 0 | 0 |
_aBS2341.52 _b.C37 2013 |
| 082 | 0 | 0 |
_a016.2257 _223 _bC321N |
| 100 | 1 | _aCarson, D. A. | |
| 245 | 1 | 0 |
_aNew Testament commentary survey / _cD.A. Carson. |
| 250 | _aSeventh edition. | ||
| 264 | 1 |
_aGrand Rapids : _bBaker Academic, _c[2013] |
|
| 300 |
_axvi, 176 pages ; _c22 cm |
||
| 336 |
_atext _2rdacontent |
||
| 337 |
_aunmediated _2rdamedia |
||
| 338 |
_avolume _2rdacarrier |
||
| 504 | _aIncludes bibliographical references and index. | ||
| 630 | 0 | 0 |
_aBible. _pNew Testament _xCommentaries _xHistory and criticism. |
| 630 | 0 | 0 |
_aBible. _pNew Testament _xCommentaries _vBibliography. |
| 906 |
_a7 _bcbc _corignew _d1 _eecip _f20 _gy-gencatlg |
||
| 942 |
_2ddc _cBK |
||
| 999 |
_c10822 _d10822 |
||